Systém vzdelávania zamestnancov v podniku diplomová práca

Enregistré dans:
Détails bibliographiques
Auteur principal: Sedláčková, Lenka
Collectivité auteur: Fakulta podnikového manažmentu EU. Katedra manažmentu
Autres auteurs: Hudáková, Ivana, 1976-
Format: Livre
Langue:slovaque
Publié: Bratislava 2010
Tags: Ajouter un tag
Pas de tags, Soyez le premier à ajouter un tag!

MARC

LEADER 00000nam a2200000 4500
001 0119921
005 20240318123542.0
041 0 |a slo 
044 |a SK 
245 1 0 |a Systém vzdelávania zamestnancov v podniku  |b diplomová práca  |c Lenka Sedláčková ; škol. Ivana Hudáková 
264 1 |a Bratislava  |c 2010 
300 |a 97 s. 
100 1 |a Sedláčková, Lenka 
700 1 |a Hudáková, Ivana, 1976- 
710 2 |a Fakulta podnikového manažmentu EU. Katedra manažmentu